000 01146nam a2200229Ii 4500
003 JO-AjNU
008 230605s9999||||xx |||||||||||||| ||und||
017 _a2012/7/2735
040 _aJO-AjNU
_bara
_erda
_cJO-AjNU
041 _aara
050 1 4 _aTH420.J67.2013
100 3 _aإعداد أكرم عباسي؛ مراجعة جمال قطيشات، عدنان الخصاونة وآخرون,
_eauthor
_951721
245 0 0 _aمجلس البناء الوطني الأردني، وزارة الأشغال العامة والإسكان: الكودة الموحدة لتزويد المباني بالمياة والصرف الصحي
250 _aط1
264 3 1 _aعمان: الجمعية العلمية الملكية،مجلس البناء الوطني الأردني، 2013
300 _aمتعدد الترقيم
336 _atext
_btxt
_2rdacontent
337 _aunmediated
_bn
_2rdamedia
338 _avolume
_bnc
_2rdacarrier
490 0 _aكودات البناء الوطني الأردني 
650 4 _aالمباني -- مواصفات معيارية -- الأردن -- المياة -- تمديدات -- الصرف الصحي
_951722
999 _aA22869
_c26437
_d26437